Upāyana. (Record no. 73212)
[ view plain ]
| 000 -LEADER | |
|---|---|
| fixed length control field | 00712cam a22002531 4500 |
| 001 - CONTROL NUMBER | |
| control field | sa 67002348 |
| 003 - CONTROL NUMBER IDENTIFIER | |
| control field | DLC |
| 005 - DATE AND TIME OF LATEST TRANSACTION | |
| control field | 20260227112330.0 |
| 008 - FIXED-LENGTH DATA ELEMENTS--GENERAL INFORMATION | |
| fixed length control field | 890912s1961 ii ac b 000 0 gujo |
| 010 ## - LIBRARY OF CONGRESS CONTROL NUMBER | |
| LC control number | sa 67002348 |
| 035 ## - SYSTEM CONTROL NUMBER | |
| System control number | (OCoLC)20331329 |
| 040 ## - CATALOGING SOURCE | |
| Original cataloging agency | DLC |
| Transcribing agency | WaU |
| Modifying agency | DLC |
| 042 ## - AUTHENTICATION CODE | |
| Authentication code | premarc |
| 050 00 - LIBRARY OF CONGRESS CALL NUMBER | |
| Classification number | PK1850.5 |
| Item number | .T7 |
| 100 1# - MAIN ENTRY--PERSONAL NAME | |
| Personal name | Trivedī, Vishṇuprasāda Ra., |
| Dates associated with a name | 1899- |
| 245 10 - TITLE STATEMENT | |
| Title | Upāyana. |
| 260 ## - PUBLICATION, DISTRIBUTION, ETC. | |
| Date of publication, distribution, etc. | 1961. |
| 300 ## - PHYSICAL DESCRIPTION | |
| Extent | 10, 482 p. |
| Other physical details | illus., ports. |
| Dimensions | 26 cm. |
| 500 ## - GENERAL NOTE | |
| General note | In Gujarati. |
| 504 ## - BIBLIOGRAPHY, ETC. NOTE | |
| Bibliography, etc. note | List of the author's works: p. 466-467. |
| 650 #0 - SUBJECT ADDED ENTRY--TOPICAL TERM | |
| Topical term or geographic name entry element | Gujarati literature. |
| 700 1# - ADDED ENTRY--PERSONAL NAME | |
| Personal name | Desai, Vrajrai. |
| 710 2# - ADDED ENTRY--CORPORATE NAME | |
| Corporate name or jurisdiction name as entry element | Śrī Vishṇuprasāda Trivedī Shashṭipūrti Sanmāna Samiti. |
No items available.